Tiere Bilder Rätsel - Bären - Statistiken

Allgemein
  • Dieses Quiz wurde 301 mal gespielt
  • Das Durchschnittsergebnis liegt bei 5 aus 8
Antwortstatistiken
Bildquiz Antwort % Korrekt
Braunbär
99%
Eisbär
99%
Großer Panda
98%
Schwarzbär
92%
Brillenbär
58%
Kragenbär
44%
Malaienbär
29%
Lippenbär
27%
Keine übereinstimmenden Quizze gefunden
Verteilung der Resultate
Anzahl Personen mit jedem Resultat
Perzentil nach korrekt beantworteten Fragen
Ihre Resultats-Entwicklung
Sie haben dieses Quiz noch nicht gespielt